[Event "BL 1415 Hamburger SK - Hansa Dortmund"]
[Site "?"]
[Date "2014.12.07"]
[Round "6.5"]
[White "Hera, Imre Jr"]
[Black "Svane, Rasmus"]
[Result "1-0"]
[WhiteElo "2581"]
[BlackElo "2509"]
[PlyCount "89"]
[EventDate "2014.??.??"]

1. d4 Nf6 2. c4 g6 3. Nf3 Bg7 4. g3 b6 5. Bg2 Bb7 6. O-O O-O 7. d5 Na6 8. Nc3
Nc5 9. Be3 e6 10. Rc1 Qe7 11. b4 Nce4 12. Nxe4 Nxe4 13. Nd4 f5 14. Bxe4 fxe4
15. dxe6 dxe6 16. Qa4 e5 17. Nb5 Qf7 18. Nc3 Qxc4 19. Nb5 Qxe2 20. Nxc7 Bc8 21.
Qb3+ Kh8 22. Nxa8 Bh3 23. Qd1 Bxf1 24. Qxf1 Qxf1+ 25. Kxf1 Rxa8 26. b5 Bf8 27.
Rc4 Kg8 28. Ke2 Kf7 29. Rxe4 Bd6 30. Ra4 Ke6 31. Bxb6 Rb8 32. Be3 Rxb5 33. Rxa7
h5 34. a4 Rb2+ 35. Kd3 Kd5 36. Ra5+ Kc6 37. h4 Rb3+ 38. Kc4 Rb4+ 39. Kc3 Rg4
40. Ra8 Kd5 41. a5 Rc4+ 42. Kd3 e4+ 43. Ke2 Rc2+ 44. Kf1 Rc7 45. Rd8 1-0

[Event "BL 1415 Hamburger SK - Hansa Dortmund"]
[Site "?"]
[Date "2014.12.07"]
[Round "6.6"]
[White "Ftacnik, Lubomir"]
[Black "Berg, Emanuel"]
[Result "1/2-1/2"]
[WhiteElo "2558"]
[BlackElo "2545"]
[PlyCount "41"]
[EventDate "2014.??.??"]

1. Nf3 Nf6 2. c4 g6 3. g3 Bg7 4. Bg2 O-O 5. O-O d6 6. d4 Nbd7 7. Nc3 e5 8. e4
a6 9. h3 b5 10. dxe5 Nxe5 11. Nxe5 dxe5 12. Qxd8 Rxd8 13. Nd5 Nxd5 14. cxd5 c6
15. dxc6 Rd6 16. Be3 Rxc6 17. Rfc1 Rxc1+ 18. Rxc1 Be6 19. b3 Rc8 20. Rxc8+ Bxc8
21. Bf1 1/2-1/2

[Event "BL 1415 Hamburger SK - Hansa Dortmund"]
[Site "?"]
[Date "2014.12.07"]
[Round "6.7"]
[White "Korpa, Bence"]
[Black "Lampert, Jonas"]
[Result "1-0"]
[WhiteElo "2424"]
[BlackElo "2443"]
[PlyCount "73"]
[EventDate "2014.??.??"]

1. c4 e5 2. Nc3 Nf6 3. Nf3 Nc6 4. g3 Bc5 5. Bg2 d6 6. d3 h6 7. O-O a6 8. a3 Be6
9. b4 Ba7 10. e3 O-O 11. Bb2 Qd7 12. Rc1 Rad8 13. Re1 Ne7 14. Ne2 c6 15. c5 Ng6
16. cxd6 Qxd6 17. d4 e4 18. Ne5 Bf5 19. Qb3 Qd5 20. Qc2 Nxe5 21. dxe5 Ng4 22.
Rcd1 Qa2 23. Nc3 Qe6 24. Nxe4 Nxe5 25. Rxd8 Rxd8 26. Rd1 Rxd1+ 27. Qxd1 Nc4 28.
Qd8+ Kh7 29. Qh4 f6 30. Bc3 Nxe3 31. fxe3 g5 32. Qh5 Bxe4 33. Bxe4+ f5 34. Bd3
Qxe3+ 35. Kg2 Qe6 36. Qf3 Kg6 37. g4 1-0

[Event "BL 1415 Hamburger SK - Hansa Dortmund"]
[Site "?"]
[Date "2014.12.07"]
[Round "6.8"]
[White "Heinemann, Thies"]
[Black "Zelbel, Patrick"]
[Result "1/2-1/2"]
[WhiteElo "2467"]
[BlackElo "2419"]
[PlyCount "156"]
[EventDate "2014.??.??"]

1. e4 c5 2. Nf3 d6 3. Bb5+ Bd7 4. Bxd7+ Qxd7 5. O-O Nf6 6. Qe2 Nc6 7. Rd1 Rc8
8. c3 e6 9. d4 cxd4 10. Bg5 Be7 11. cxd4 O-O 12. Nc3 h6 13. Bxf6 Bxf6 14. e5
Be7 15. exd6 Qxd6 16. d5 exd5 17. Nxd5 Rcd8 18. Qb5 Qc5 19. Qb3 Nb4 20. Rac1
Qd6 21. Nxe7+ Qxe7 22. Re1 Qd6 23. Ne5 Rde8 24. Nc4 Rxe1+ 25. Rxe1 Qc5 26. Re5
Nd5 27. Qd3 b5 28. Rxd5 Qxc4 29. Qxc4 bxc4 30. Rd2 Rc8 31. Kf1 Rc6 32. Rc2 Ra6
33. a3 Rb6 34. g3 Rb3 35. h4 c3 36. Rxc3 Rxb2 37. Rc7 a6 38. Rc6 Ra2 39. Rxa6
g6 40. g4 Kg7 41. Kg2 Ra1 42. a4 Ra3 43. g5 h5 44. Ra7 Kg8 45. a5 Ra4 46. Kg3
Rg4+ 47. Kh3 Ra4 48. a6 Kg7 49. f4 Ra3+ 50. Kg2 Ra2+ 51. Kf3 Ra4 52. Ke3 Kg8
53. Kd3 Kg7 54. Kc3 Rxf4 55. Rb7 Rxh4 56. Rb4 Rh3+ 57. Kb2 Rh2+ 58. Kb3 Rh1 59.
Ka2 Rh2+ 60. Ka3 Rh1 61. Ra4 Ra1+ 62. Kb4 Rb1+ 63. Kc5 Rb8 64. Rf4 Rb1 65. Ra4
Rb8 66. a7 Ra8 67. Ra6 h4 68. Kb6 f6 69. gxf6+ Kf7 70. Kb7 Rxa7+ 71. Rxa7 Kxf6
72. Kc6 Ke5 73. Rg7 Kf4 74. Rxg6 h3 75. Kd5 h2 76. Rh6 Kg3 77. Ke4 Kg2 78.
Rxh2+ Kxh2 1/2-1/2

[Event "BL 1415 SSC Rostock - SF Katernberg"]
[Site "?"]
[Date "2014.12.07"]
[Round "6.1"]
[White "Romanov, Evgeny"]
[Black "Tomczak, Jacek"]
[Result "1-0"]
[WhiteElo "2636"]
[BlackElo "2569"]
[PlyCount "51"]
[EventDate "2014.??.??"]

1. c4 Nf6 2. Nc3 d5 3. cxd5 Nxd5 4. g3 g6 5. Bg2 Nb6 6. d3 Bg7 7. Be3 O-O 8.
Qd2 Nc6 9. Bxc6 bxc6 10. Bh6 Nd5 11. Bxg7 Kxg7 12. Nf3 f6 13. O-O Bg4 14. Kg2
h5 15. h4 Qd7 16. Ng1 e5 17. Rac1 Rf7 18. Ne4 Rh8 19. Rc4 g5 20. hxg5 f5 21.
Nf6 Nxf6 22. gxf6+ Rxf6 23. Qc3 h4 24. Qxe5 hxg3 25. fxg3 Qf7 26. Rxc6 1-0

[Event "BL 1415 SSC Rostock - SF Katernberg"]
[Site "?"]
[Date "2014.12.07"]
[Round "6.2"]
[White "Brynell, Stellan"]
[Black "Fier, Alexandr"]
[Result "0-1"]
[WhiteElo "2457"]
[BlackElo "2590"]
[PlyCount "110"]
[EventDate "2014.??.??"]

1. d4 Nf6 2. c4 g6 3. g3 Bg7 4. Bg2 d5 5. cxd5 Nxd5 6. Nf3 Nb6 7. O-O Nc6 8. e3
O-O 9. Nc3 Re8 10. b3 e5 11. Nxe5 Nxe5 12. dxe5 Bxe5 13. Bb2 c6 14. Qc1 Qe7 15.
Ne2 Bg4 16. Nf4 Rad8 17. h3 Bf5 18. Bxe5 Qxe5 19. Rd1 a5 20. Ne2 a4 21. Qc3
Qxc3 22. Nxc3 a3 23. e4 Be6 24. f4 Nd7 25. Kf2 Nc5 26. Ke3 Na6 27. Rac1 Nb4 28.
h4 c5 29. Bf1 Bg4 30. Rxd8 Rxd8 31. Bc4 b6 32. Bd5 Kf8 33. Rg1 Nc2+ 34. Kd3 Nd4
35. b4 f5 36. bxc5 bxc5 37. Rb1 fxe4+ 38. Kc4 e3 39. Kxc5 Nc2 40. Rb7 e2 41.
Nxe2 Rxd5+ 42. Kxd5 Bf3+ 43. Kc4 Bxb7 44. Kb3 Bf3 45. Nc3 Nd4+ 46. Kxa3 Nf5 47.
Kb4 Nxg3 48. a4 Nf5 49. Kc5 Nxh4 50. a5 Nf5 51. a6 Ne7 52. Nb5 h5 53. Kd4 Bc6
54. Nc7 Kf7 55. Ke5 Bg2 0-1

[Event "BL 1415 SSC Rostock - SF Katernberg"]
[Site "?"]
[Date "2014.12.07"]
[Round "6.3"]
[White "Firman, Nazar"]
[Black "Szelag, Marcin"]
[Result "1/2-1/2"]
[WhiteElo "2464"]
[BlackElo "2454"]
[PlyCount "106"]
[EventDate "2014.??.??"]

1. e4 c5 2. Nf3 d6 3. d4 cxd4 4. Nxd4 Nf6 5. Nc3 a6 6. h3 e6 7. g4 d5 8. Nde2
Bb4 9. a3 Bxc3+ 10. Nxc3 Nxe4 11. Nxe4 dxe4 12. Qxd8+ Kxd8 13. Bf4 Bd7 14.
O-O-O Kc8 15. Bg2 Bc6 16. Rhe1 Rd8 17. Be5 Rxd1+ 18. Kxd1 f6 19. Bc3 Kd7 20. g5
e5 21. gxf6 gxf6 22. Bxe4 Bxe4 23. Rxe4 Nc6 24. Rh4 Rh8 25. Ke2 Ke6 26. f4 h5
27. fxe5 fxe5 28. a4 Kf5 29. Rc4 Rg8 30. Kf2 Rd8 31. b4 Nd4 32. Rc7 Nxc2 33.
Rxb7 Rd3 34. Rc7 Nd4 35. Rc5 Kf4 36. b5 axb5 37. axb5 Rf3+ 38. Ke1 Re3+ 39. Kd1
Rd3+ 40. Ke1 Re3+ 41. Kd1 Rd3+ 42. Ke1 Rxh3 43. Bxd4 exd4 44. b6 h4 45. Rb5 Ke3
46. Re5+ Kd3 47. Rb5 Re3+ 48. Kd1 h3 49. Rb3+ Kc4 50. Rxe3 dxe3 51. Ke2 h2 52.
b7 h1=Q 53. b8=Q Qg2+ 1/2-1/2

[Event "BL 1415 SSC Rostock - SF Katernberg"]
[Site "?"]
[Date "2014.12.07"]
[Round "6.4"]
[White "Rudolf, Henrik"]
[Black "Zaragatski, Ilja"]
[Result "0-1"]
[WhiteElo "2360"]
[BlackElo "2474"]
[PlyCount "72"]
[EventDate "2014.??.??"]

1. e4 g6 2. d4 Bg7 3. Nc3 d6 4. Nf3 Nf6 5. Be2 c5 6. d5 O-O 7. O-O Na6 8. Nd2
Nc7 9. a4 a6 10. a5 Nb5 11. Ndb1 e6 12. Bg5 h6 13. Bh4 exd5 14. exd5 Nd4 15.
Nd2 Re8 16. Bd3 Nf5 17. Bxf5 Bxf5 18. Nc4 Qc7 19. f3 g5 20. Bg3 Rad8 21. Qd2
Nh5 22. Bxd6 Rxd6 23. Nxd6 Qxd6 24. g4 Nf4 25. Rae1 Rxe1 26. Rxe1 Bd4+ 27. Kh1
Bg6 28. Ne4 Bxe4 29. Rxe4 Bxb2 30. c4 Bd4 31. Re8+ Kg7 32. Qe1 Ng6 33. Qe4 Qc7
34. d6 Qxd6 35. Qxb7 Qf4 36. Re1 Be5 0-1

[Event "BL 1415 SSC Rostock - SF Katernberg"]
[Site "?"]
[Date "2014.12.07"]
[Round "6.5"]
[White "Siebrecht, Sebastian"]
[Black "Tomczak, Rafal"]
[Result "1-0"]
[WhiteElo "2464"]
[BlackElo "2372"]
[PlyCount "99"]
[EventDate "2014.??.??"]

1. d4 d5 2. c4 e6 3. Nc3 Nf6 4. Bg5 Be7 5. e3 c6 6. Bd3 Nbd7 7. Nf3 O-O 8. O-O
dxc4 9. Bxc4 c5 10. Qe2 a6 11. a4 Nd5 12. Bxe7 Nxc3 13. Bxd8 Nxe2+ 14. Bxe2
Rxd8 15. Rfd1 cxd4 16. Rxd4 Kf8 17. Ne5 Ke7 18. Rad1 f6 19. Nc4 Rf8 20. Nd6 Ne5
21. f4 Nc6 22. Nxc8+ Rfxc8 23. Rd7+ Kf8 24. Rxb7 Na5 25. Rb6 Nc4 26. Rxe6 Kf7
27. Re4 Nxb2 28. Rd7+ Kg6 29. Ree7 Rg8 30. Rd5 Rgd8 31. Rh5 h6 32. Ra5 Rd6 33.
Bf3 Rf8 34. Bh5+ Kh7 35. Rc5 f5 36. Rcc7 Rg8 37. Bf7 Rf8 38. Be6 Kg6 39. Rxg7+
Kf6 40. Bb3 Rd3 41. Rh7 Kg6 42. Rcg7+ Kf6 43. Rb7 Kg6 44. Rhe7 Rd6 45. a5 Nd3
46. Rg7+ Kf6 47. Rh7 Kg6 48. Rbg7+ Kf6 49. h4 h5 50. Rg5 1-0

[Event "BL 1415 SSC Rostock - SF Katernberg"]
[Site "?"]
[Date "2014.12.07"]
[Round "6.6"]
[White "Becker, Michael"]
[Black "Ris, Robert"]
[Result "1/2-1/2"]
[WhiteElo "2309"]
[BlackElo "2425"]
[PlyCount "104"]
[EventDate "2014.??.??"]

1. Nf3 c5 2. e4 Nc6 3. Bb5 e6 4. Bxc6 bxc6 5. O-O Ne7 6. b3 d6 7. Bb2 e5 8. c3
Ng6 9. d4 f6 10. dxc5 d5 11. exd5 cxd5 12. c4 d4 13. Re1 Be7 14. Nbd2 O-O 15.
b4 Rb8 16. a3 Bxc5 17. Nb3 Be7 18. Rc1 Bb7 19. Na5 Ba8 20. c5 Qd5 21. c6 Rfc8
22. Bxd4 exd4 23. Qxd4 Qxd4 24. Nxd4 Bd8 25. Nab3 Ne5 26. b5 Bb6 27. Rc3 Kf7
28. a4 a6 29. Kf1 Rc7 30. f4 Rd8 31. fxe5 Bxd4 32. e6+ Ke7 33. Rd3 Be5 34. Rd7+
Rdxd7 35. exd7 axb5 36. axb5 Bxc6 37. bxc6 Rxc6 38. Rd1 Kd8 39. Na5 Rc7 40. Ke2
Rxd7 41. Rxd7+ Kxd7 42. g3 Ke6 43. Kf3 Kd5 44. Nb3 f5 45. h3 Kc4 46. Nd2+ Kd3
47. Nf1 g6 48. g4 fxg4+ 49. hxg4 h5 50. gxh5 gxh5 51. Kg2 Ke2 52. Kh1 Kxf1
1/2-1/2

[Event "BL 1415 SSC Rostock - SF Katernberg"]
[Site "?"]
[Date "2014.12.07"]
[Round "6.7"]
[White "Scholz, Christian Dr"]
[Black "Ackermann, Hans Werner"]
[Result "1-0"]
[WhiteElo "2349"]
[BlackElo "2310"]
[PlyCount "137"]
[EventDate "2014.??.??"]

1. d4 Nf6 2. c4 e6 3. Nc3 Bb4 4. Qc2 d5 5. a3 Bxc3+ 6. Qxc3 O-O 7. Nf3 b6 8.
Bg5 c6 9. e3 Ba6 10. Bd3 Bxc4 11. Bxc4 dxc4 12. Qxc4 Qd5 13. Rc1 Ne4 14. Bf4
Rc8 15. Qxd5 exd5 16. Ne5 h6 17. f3 Nf6 18. Ke2 c5 19. dxc5 bxc5 20. Rc2 Na6
21. Rd1 Re8 22. Kf2 g5 23. Bg3 Re6 24. Ng4 Nxg4+ 25. fxg4 Rd8 26. Rcd2 Rde8 27.
Rxd5 Rxe3 28. R1d2 R3e6 29. h3 c4 30. Bd6 Rc8 31. Ra5 Rc6 32. Be5 f6 33. Rd8+
Kf7 34. Bd4 Re7 35. Rh8 Kg6 36. Rg8+ Kf7 37. Rd8 Nc7 38. Rc5 Rce6 39. Kf3 Re1
40. Rf5 Ne8 41. Rc5 Nc7 42. Bf2 Rc1 43. Rc8 Ne6 44. Rxc4 Rd1 45. g3 Rb7 46. Rc2
Rd3+ 47. Kg2 Rdb3 48. Ra8 Rxb2 49. Rxb2 Rxb2 50. Rxa7+ Kg6 51. Kf3 Rc2 52. a4
Nd8 53. h4 gxh4 54. gxh4 h5 55. gxh5+ Kxh5 56. Ra5+ Kg6 57. h5+ Kg7 58. Be3 Nc6
59. Rc5 Ne5+ 60. Ke4 Rh2 61. Rc7+ Nf7 62. a5 Rxh5 63. a6 Ra5 64. a7 Kg6 65. Bc5
Ra2 66. Kd5 Ne5 67. Rc8 Rd2+ 68. Bd4 Nd7 69. Ke6 1-0

[Event "BL 1415 SSC Rostock - SF Katernberg"]
[Site "?"]
[Date "2014.12.07"]
[Round "6.8"]
[White "Jeske, Eckhard"]
[Black "Thesing, Matthias"]
[Result "0-1"]
[WhiteElo "2168"]
[BlackElo "2310"]
[PlyCount "60"]
[EventDate "2014.??.??"]

1. c4 e6 2. Nc3 d5 3. d4 c6 4. cxd5 exd5 5. Nf3 Nf6 6. Bg5 Be7 7. e3 Bf5 8.
Bxf6 Bxf6 9. Bd3 Bxd3 10. Qxd3 O-O 11. O-O Be7 12. Rfe1 Nd7 13. a3 Nb6 14. b3
Re8 15. a4 a5 16. Rad1 Bb4 17. Re2 Nc8 18. Nd2 Nd6 19. Na2 Bxd2 20. Rexd2 Re6
21. Nc3 Qh4 22. g3 Qe7 23. Rb1 g5 24. Rdd1 f5 25. b4 axb4 26. Rxb4 f4 27. exf4
gxf4 28. Rbb1 Rf8 29. Rf1 Rh6 30. Ne2 f3 0-1

[Event "BL 1415 SV Mülheim Nord - SG Solingen"]
[Site "?"]
[Date "2014.11.07"]
[Round "7.1"]
[White "Ragger, Markus"]
[Black "Landa, Konstantin"]
[Result "1/2-1/2"]
[WhiteElo "2658"]
[BlackElo "2647"]
[PlyCount "44"]
[EventDate "2014.??.??"]

1. d4 d5 2. Nf3 c5 3. c4 cxd4 4. cxd5 Nf6 5. Qxd4 Qxd5 6. Nc3 Qxd4 7. Nxd4 a6
8. Bg5 b5 9. Bxf6 exf6 10. Nd5 Ra7 11. e4 Bd6 12. O-O-O Bc5 13. f4 Be6 14. Be2
Rd7 15. Nxb5 axb5 16. Bxb5 O-O 17. Bxd7 Bxd7 18. Kb1 Re8 19. Rc1 Bf8 20. Rhe1
Bc6 21. g4 h5 22. h3 Bb7 1/2-1/2

[Event "BL 1415 SV Mülheim Nord - SG Solingen"]
[Site "?"]
[Date "2014.11.07"]
[Round "7.2"]
[White "Fridman, Daniel"]
[Black "L'Ami, Erwin"]
[Result "1/2-1/2"]
[WhiteElo "2635"]
[BlackElo "2618"]
[PlyCount "51"]
[EventDate "2014.??.??"]

1. d4 Nf6 2. c4 e6 3. Nc3 Bb4 4. Qc2 Nc6 5. Nf3 d6 6. Bd2 O-O 7. a3 Bxc3 8.
Bxc3 Re8 9. Rd1 Qe7 10. e3 e5 11. d5 Nb8 12. Be2 Nbd7 13. O-O Nf8 14. Nd2 Ng6
15. f3 a5 16. b4 axb4 17. axb4 b5 18. Ra1 Bb7 19. Ne4 Nd7 20. c5 dxc5 21. Bxb5
Bxd5 22. Nxc5 c6 23. Nxd7 cxb5 24. Rxa8 Bxa8 25. Nc5 Bc6 26. e4 1/2-1/2

[Event "BL 1415 SV Mülheim Nord - SG Solingen"]
[Site "?"]
[Date "2014.11.07"]
[Round "7.3"]
[White "Sandipan, Chanda"]
[Black "Potkin, Vladimir"]
[Result "1/2-1/2"]
[WhiteElo "2603"]
[BlackElo "2610"]
[PlyCount "40"]
[EventDate "2014.??.??"]

1. d4 d5 2. Bg5 Nf6 3. e3 c5 4. Bxf6 gxf6 5. dxc5 Nc6 6. Nf3 e5 7. c4 d4 8.
exd4 e4 9. Nfd2 Qxd4 10. Nc3 f5 11. Nb3 Qe5 12. Qd5 Be6 13. Qxe5 Nxe5 14. Rd1
Rd8 15. Nd5 Bg7 16. Be2 Nc6 17. Rd2 Bh6 18. Rd1 Bg7 19. Rd2 Bh6 20. Rd1 Bg7
1/2-1/2

[Event "BL 1415 SV Mülheim Nord - SG Solingen"]
[Site "?"]
[Date "2014.11.07"]
[Round "7.4"]
[White "Tregubov, Pavel V"]
[Black "Jussupow, Artur"]
[Result "1/2-1/2"]
[WhiteElo "2607"]
[BlackElo "2581"]
[PlyCount "131"]
[EventDate "2014.??.??"]

1. d4 d5 2. c4 dxc4 3. e3 e5 4. Bxc4 exd4 5. exd4 Nf6 6. Nf3 Bd6 7. O-O O-O 8.
Ne5 Nc6 9. Nxc6 bxc6 10. Bg5 h6 11. Bh4 Rb8 12. Nd2 g5 13. Bg3 Bxg3 14. hxg3
Qxd4 15. Qc2 Nd5 16. Nb3 Qf6 17. Bxd5 cxd5 18. Qxc7 Ba6 19. Rfd1 Bc4 20. Qxa7
Rfe8 21. Nc5 Ra8 22. Qb7 Reb8 23. Nd7 Qxf2+ 24. Kxf2 Rxb7 25. b3 Bxb3 26. axb3
Rxa1 27. Rxa1 Rxd7 28. b4 Rb7 29. Ra5 Rxb4 30. Rxd5 Kg7 31. Kf3 Rb3+ 32. Kf2
Rb4 33. Kf3 Kg6 34. g4 Rf4+ 35. Kg3 h5 36. gxh5+ Kxh5 37. Kh3 Rh4+ 38. Kg3 Kg6
39. Kf2 Rf4+ 40. Kg1 Kh5 41. g3 Re4 42. Rf5 Re7 43. Kg2 Kg4 44. Rf2 Rd7 45. Ra2
Rd4 46. Rf2 f5 47. Ra2 Rc4 48. Rb2 Kh5 49. Ra2 Rc3 50. Rb2 Kg4 51. Rb4+ f4 52.
gxf4 gxf4 53. Rb2 Rg3+ 54. Kf2 Rh3 55. Rb8 Rh2+ 56. Kg1 Re2 57. Rb3 Re3 58. Rb2
Kg3 59. Rg2+ Kf3 60. Rf2+ Ke4 61. Ra2 Kf3 62. Rf2+ Kg4 63. Ra2 Rh3 64. Kf1 Rf3+
65. Kg2 Rg3+ 66. Kf2 1/2-1/2

[Event "BL 1415 SV Mülheim Nord - SG Solingen"]
[Site "?"]
[Date "2014.11.07"]
[Round "7.5"]
[White "Nikolic, Predrag"]
[Black "Hausrath, Daniel"]
[Result "1/2-1/2"]
[WhiteElo "2605"]
[BlackElo "2515"]
[PlyCount "107"]
[EventDate "2014.??.??"]

1. d4 Nf6 2. c4 Nc6 3. Nf3 e6 4. e3 Bb4+ 5. Bd2 Qe7 6. Nc3 Bxc3 7. Bxc3 Ne4 8.
Rc1 d6 9. Be2 O-O 10. O-O Nxc3 11. Rxc3 e5 12. d5 Nb8 13. b4 a5 14. Ra3 Bg4 15.
Nd2 Bxe2 16. Qxe2 Na6 17. bxa5 e4 18. Rb1 c6 19. Nb3 c5 20. Nc1 f5 21. Rab3 Ra7
22. Qb2 Rf7 23. a3 Nb8 24. Ne2 g5 25. Qd2 Qc7 26. f4 exf3 27. gxf3 Nd7 28. f4
Qxa5 29. Qc2 Qd8 30. Ng3 gxf4 31. exf4 Qf6 32. Re1 Qd4+ 33. Kg2 Ra8 34. Rxb7
Rxa3 35. Re8+ Nf8 36. Rxf7 Kxf7 37. Qe2 Qf6 38. Rb8 Kg8 39. Qe6+ Qxe6 40. dxe6
Re3 41. Nxf5 Rxe6 42. Kf3 Kf7 43. Rb7+ Kf6 44. Ne3 Re8 45. h4 Ne6 46. Nd5+ Kf5
47. Rf7+ Kg6 48. Rf6+ Kh5 49. Kg3 Nd4 50. f5 Rg8+ 51. Kh3 Ne2 52. Rxd6 Ng1+ 53.
Kh2 Nf3+ 54. Kh3 1/2-1/2

[Event "BL 1415 SV Mülheim Nord - SG Solingen"]
[Site "?"]
[Date "2014.11.07"]
[Round "7.6"]
[White "Levin, Felix"]
[Black "Naumann, Alexander"]
[Result "1/2-1/2"]
[WhiteElo "2504"]
[BlackElo "2560"]
[PlyCount "65"]
[EventDate "2014.??.??"]

1. d4 Nf6 2. c4 g6 3. Nc3 d5 4. Nf3 Bg7 5. Bg5 Ne4 6. Bf4 Nxc3 7. bxc3 c5 8.
cxd5 Qxd5 9. e3 O-O 10. Be2 cxd4 11. cxd4 Nc6 12. O-O Bf5 13. Qa4 Qa5 14. Qxa5
Nxa5 15. Rac1 Rac8 16. Nd2 Rxc1 17. Rxc1 Rc8 18. Rc7 Rxc7 19. Bxc7 Nc6 20. Bf3
Kf8 21. Nb3 Bc8 22. Bxc6 bxc6 23. Nc5 Ke8 24. Bb8 a6 25. f4 Bf8 26. Ba7 e5 27.
fxe5 Bxc5 28. Bxc5 Be6 29. a3 h5 30. e4 Kd7 31. Kf2 Ba2 32. Ke3 Ke6 33. h4
1/2-1/2

[Event "BL 1415 SV Mülheim Nord - SG Solingen"]
[Site "?"]
[Date "2014.11.07"]
[Round "7.7"]
[White "Handke, Florian"]
[Black "Saltaev, Mihail"]
[Result "1/2-1/2"]
[WhiteElo "2546"]
[BlackElo "2476"]
[PlyCount "87"]
[EventDate "2014.??.??"]

1. d4 d5 2. Nf3 c6 3. c4 Nf6 4. Qc2 e6 5. g3 Nbd7 6. Bg2 Bd6 7. O-O O-O 8. Rd1
Ne4 9. Nfd2 f5 10. f3 Nxd2 11. Nxd2 f4 12. Nf1 dxc4 13. Bxf4 Bxf4 14. gxf4 Rxf4
15. e3 Rf6 16. Qxc4 Nb6 17. Qe2 Nd5 18. Nd2 Bd7 19. Nc4 Be8 20. f4 Qe7 21. Ne5
Bg6 22. Kh1 Raf8 23. Rg1 Be8 24. Rac1 Rh6 25. Bf3 Kh8 26. Rg3 Rg8 27. a3 Nf6
28. Rcg1 Nd5 29. Rg5 Rf6 30. Be4 c5 31. Qd3 Rh6 32. Rc1 cxd4 33. Qxd4 Nf6 34.
Bf3 b6 35. Rc8 Bg6 36. Qc4 Rxc8 37. Qxc8+ Be8 38. Bc6 Rh3 39. Bxe8 Qxe8 40. Qc7
Qf8 41. Qxa7 Rxe3 42. Qxb6 Nd5 43. Qa7 Re2 44. Nf7+ 1/2-1/2

[Event "BL 1415 SV Mülheim Nord - SG Solingen"]
[Site "?"]
[Date "2014.11.07"]
[Round "7.8"]
[White "Dinstuhl, Volkmar"]
[Black "Appel, Ralf"]
[Result "0-1"]
[WhiteElo "2411"]
[BlackElo "2526"]
[PlyCount "84"]
[EventDate "2014.??.??"]

1. d4 Nf6 2. c4 e6 3. Nf3 Bb4+ 4. Bd2 a5 5. Nc3 O-O 6. Bg5 d6 7. e3 Qe7 8. Be2
Nbd7 9. O-O Bxc3 10. bxc3 Re8 11. Nd2 e5 12. Rb1 Qe6 13. Qc2 b6 14. e4 h6 15.
Be3 Ng4 16. Bxg4 Qxg4 17. f4 exf4 18. Rxf4 Qe6 19. Rbf1 Re7 20. R1f3 Nf8 21.
Rg3 Ng6 22. Rf1 Bb7 23. d5 Qd7 24. h4 Kh8 25. Bd4 Ne5 26. Nf3 Qe8 27. c5 Ba6
28. cxd6 cxd6 29. Rd1 Qb5 30. Rb1 Qc4 31. Rxb6 Qf1+ 32. Kh2 Bd3 33. Qd2 Bxe4
34. Nxe5 dxe5 35. Be3 f5 36. d6 Rd7 37. Bxh6 f4 38. Rxg7 Rxg7 39. Bxg7+ Kxg7
40. d7 Rd8 41. Re6 Qd3 42. Qb2 Qg3+ 0-1

[Event "BL 1415 OSG Baden Baden - SC Eppingen"]
[Site "?"]
[Date "2014.11.07"]
[Round "7.5"]
[White "Mons, Leon"]
[Black "Movsesian, Sergei"]
[Result "0-1"]
[WhiteElo "2442"]
[BlackElo "2657"]
[PlyCount "98"]
[EventDate "2014.??.??"]

1. e4 c5 2. Nf3 e6 3. d4 cxd4 4. Nxd4 Nc6 5. Nc3 Qc7 6. Qd3 Nf6 7. Ndb5 Qb8 8.
Qg3 d6 9. Be3 a6 10. Nd4 Bd7 11. O-O-O b5 12. f3 Nxd4 13. Bxd4 b4 14. Bxf6 gxf6
15. Ne2 Qb6 16. f4 Qc5 17. Nd4 a5 18. Kb1 a4 19. Qd3 Rb8 20. Qc4 Qb6 21. Qa6
Bh6 22. g3 Ke7 23. Qxb6 Rxb6 24. Bd3 Rc8 25. Rhe1 Rc5 26. Re2 Bc8 27. Ree1 Bb7
28. Re2 Bg7 29. Nf3 f5 30. Ne1 fxe4 31. Bxe4 Ba6 32. Bd3 Rd5 33. Red2 Bb7 34.
Bxh7 Rxd2 35. Rxd2 f5 36. Bg6 Be4 37. Nd3 b3 38. cxb3 axb3 39. h3 Bd4 40. Bh5
Be3 41. Rd1 Rb8 42. Be2 Rh8 43. h4 Rg8 44. axb3 Rxg3 45. Ka2 Rg2 46. Bf1 Rg8
47. Re1 Bd2 48. Rd1 Bxf4 49. Nxf4 Ra8+ 0-1

[Event "BL 1415 OSG Baden Baden - SC Eppingen"]
[Site "?"]
[Date "2014.11.07"]
[Round "7.6"]
[White "Meier, Georg"]
[Black "Medvegy, Zoltan"]
[Result "0-1"]
[WhiteElo "2647"]
[BlackElo "2510"]
[PlyCount "80"]
[EventDate "2014.??.??"]

1. Nf3 Nf6 2. g3 b6 3. Bg2 Bb7 4. O-O c5 5. c4 e6 6. Nc3 Be7 7. d4 cxd4 8. Qxd4
O-O 9. b3 d6 10. Bb2 Nbd7 11. e4 a6 12. Rfe1 Qc7 13. h3 Rac8 14. Qe3 Rfe8 15.
Rad1 Qb8 16. Nd4 Bf8 17. Kh2 Ba8 18. Re2 g6 19. Qd2 Nc5 20. Qe1 Rcd8 21. Nc2
Bg7 22. Nb4 Bb7 23. Nd3 Nxd3 24. Rxd3 b5 25. cxb5 axb5 26. Ba3 b4 27. Bxb4 Ba6
28. Rxd6 Rxd6 29. Bxd6 Qxd6 30. e5 Qb4 31. exf6 Bxe2 32. fxg7 Rc8 33. Qxe2 Qxc3
34. Qa6 Rd8 35. Qb6 Rd2 36. a4 Rb2 37. a5 Rxb3 38. Qd8+ Kxg7 39. a6 Ra3 40. Bb7
Qb2 0-1

[Event "BL 1415 OSG Baden Baden - SC Eppingen"]
[Site "?"]
[Date "2014.11.07"]
[Round "7.7"]
[White "Guliyev, Namig"]
[Black "Gustafsson, Jan"]
[Result "1/2-1/2"]
[WhiteElo "2556"]
[BlackElo "2636"]
[PlyCount "73"]
[EventDate "2014.??.??"]

1. e4 e5 2. Nf3 Nc6 3. Bb5 a6 4. Ba4 Nf6 5. O-O Be7 6. Re1 b5 7. Bb3 O-O 8. h3
Bb7 9. d3 d5 10. exd5 Nxd5 11. Nbd2 Qd7 12. Nxe5 Nxe5 13. Rxe5 Nf4 14. Nf3 Nxg2
15. Kxg2 a5 16. a4 Ra6 17. Qe2 Rg6+ 18. Kh2 Bd6 19. Nh4 Bxe5+ 20. Qxe5 Re8 21.
Qf4 Rf6 22. Qg3 Re1 23. Bh6 Rxf2+ 24. Qxf2 Rxa1 25. Nf5 Rh1+ 26. Kg3 Bc8 27.
Qg2 Qxf5 28. Qxh1 Qg6+ 29. Kf2 Qxh6 30. Qa8 Qxh3 31. Bd5 Qf5+ 32. Ke1 Qe5+ 33.
Kd2 Qf4+ 34. Ke2 Qe5+ 35. Kd2 Qf4+ 36. Ke2 Qe5+ 37. Kd2 1/2-1/2

[Event "BL 1415 OSG Baden Baden - SC Eppingen"]
[Site "?"]
[Date "2014.11.07"]
[Round "7.8"]
[White "Schlosser, Philipp"]
[Black "Reimold, Jonas"]
[Result "1-0"]
[WhiteElo "2570"]
[BlackElo "2023"]
[PlyCount "61"]
[EventDate "2014.??.??"]

1. c4 f5 2. g3 Nf6 3. Bg2 g6 4. d4 Bg7 5. Nc3 d6 6. d5 a5 7. Nh3 O-O 8. O-O Na6
9. Be3 Bd7 10. Nf4 Rb8 11. Ba7 Rc8 12. Bd4 Qe8 13. e4 fxe4 14. Re1 Qf7 15. Nxe4
Nxe4 16. Rxe4 Bf6 17. Qd2 a4 18. Rae1 Rfe8 19. Ne6 c5 20. Bxf6 exf6 21. Qf4 Nb4
22. Qxd6 Nc2 23. R1e2 Nd4 24. Nxd4 cxd4 25. Qb4 d3 26. R2e3 Bf5 27. Rxe8+ Rxe8
28. d6 Rxe3 29. fxe3 Kg7 30. Kf2 Qd7 31. Qxb7 1-0

[Event "BL 2014 2015 Hamburger SK- SSC Rostock "]
[Site "?"]
[Date "2014.11.07"]
[Round "7.2"]
[White "Ernst, Sipke"]
[Black "Brynell, Stellan"]
[Result "1/2-1/2"]
[WhiteElo "2566"]
[BlackElo "2464"]
[PlyCount "60"]
[EventDate "2014.??.??"]

1. d4 e6 2. c4 Nf6 3. Nc3 Bb4 4. Qc2 O-O 5. Nf3 c5 6. dxc5 Na6 7. g3 Nxc5 8.
Bg2 Nce4 9. O-O Nxc3 10. bxc3 Be7 11. Bf4 d6 12. c5 d5 13. c4 Bd7 14. Ne5 Rc8
15. Rab1 Bxc5 16. Rxb7 Bb6 17. Qb3 Bc6 18. Nxc6 Rxc6 19. Rb8 Rc8 20. Rxc8 Qxc8
21. cxd5 Nxd5 22. Bxd5 exd5 23. Qxd5 Qc2 24. Qd2 Qe4 25. Rd1 h6 26. Rc1 Re8 27.
Bc7 Qxe2 28. Qxe2 Rxe2 29. Bxb6 axb6 30. Rb1 Rxa2 1/2-1/2

[Event "BL 2014 2015 Hamburger SK- SSC Rostock"]
[Site "?"]
[Date "2014.11.07"]
[Round "7.3"]
[White "Szelag, Marcin"]
[Black "Svane, Rasmus"]
[Result "0-1"]
[WhiteElo "2457"]
[BlackElo "2497"]
[PlyCount "64"]
[EventDate "2014.??.??"]

1. e4 e6 2. d4 d5 3. Nc3 Nf6 4. e5 Nfd7 5. f4 c5 6. Nf3 Be7 7. Be3 O-O 8. dxc5
Bxc5 9. Bxc5 Nxc5 10. b4 Ncd7 11. Bd3 f6 12. Rb1 fxe5 13. fxe5 Nc6 14. O-O
Ndxe5 15. Nxe5 Rxf1+ 16. Bxf1 Nxe5 17. Qh5 Ng6 18. Bd3 Bd7 19. Re1 Qb6+ 20. Kh1
Qxb4 21. Bxg6 hxg6 22. Qe5 Rc8 23. Nd1 Rxc2 24. Rf1 Qd2 25. Ne3 Rc1 26. Qb8+
Bc8 27. Qd6 Rxf1+ 28. Nxf1 Qf2 29. Qd8+ Kh7 30. h3 Qxf1+ 31. Kh2 Qf4+ 32. Kh1
Qc1+ 0-1